000 00880nam a2200205Ia 4500
008 0000001990 fr a 0000000000fre00
090 _aPSP00 N32m
100 1 _aNieva, Francisco
245 1 0 _aMaría Moreno
_b: peintures et dessins
_c/ texte Francisco Nieva ; traduction Antoine Ramo ; conception du catalogue Annick Magendie
300 _a[48] p.
_c/ 21 cm.
500 _aExposición realizada en la Galería Claude Bernard,Paris, Marzo 30 Abril 28, 1990 \ Con el patronazgo del maestro venezolano Jesús Rafael Soto (q.e.p.d.)
600 0 0 _aMORENO, MARIA, 1933 /
_xTRABAJOS PICTORICOS
650 1 4 _aARTE CONTEMPORANEO ESPAÑOL
650 1 4 _xCATALOGOS
650 1 4 _xEXPOSICIONES
650 1 4 _aPINTORES ESPAÑOLES
650 1 4 _aPINTURA ESPAÑOLA
700 1 _aRamo, Antoine, tr. \ Magendie, Annick
999 _c1801
_d1801
260 _aParis : Galerie Claude Bernard
_c1990